000 00282nam a2200121Ia 4500
008 241002s9999 xx 000 0 und d
082 _a297.1977 KAZ
100 _aKazakevich, Emmanuil
245 4 _aThe blue notebook
260 _aMoscow:
_c1969
600 _aReligion
942 _cUC
999 _c18909
_d18909